000 00682nam a2200253Ia 4500
003 OSt
005 20221005100308.0
006 a|||||r|||| 00| 0
007 ta
008 221004b |||||||| |||| 00| 0 eng d
024 _a48720
037 _cTextual
040 _aCRL
_cCRL
_beng
041 _2eng
_aeng
082 _aU8.43822, F4
110 _aGovernment of Burma
_9620985
245 0 _aBurma Gazetteer
_b Amherst District. No. 19.
260 _aRangoon
_bOffice of the Supdt. Burma
_c1924
300 _a60p.
_ccm.
650 _aGEOGRAPHY
700 _aGovernment of Burma
_9620986
942 _hU8.43822, F4
_cTEXL
_2cc
999 _c1004999
_d1004999